000
00300 a2200145 4500
001
150065
040
_c
Escola São Tomás de Aquino
100
_a
PAES, José Paulo
240
1
0
_a
Lé com cré
_l
por
245
1
0
_a
Lé com cré
300
_a
32
362
0
_a
2012
697
_a
Poesia
942
_c
BK
999
_c
150065
_d
150065